| 000 | 02294nam a2200565Ii 4500 | ||
|---|---|---|---|
| 001 | DIGAKAL0262 | ||
| 003 | NyNyDIG | ||
| 008 | 160419t20132013sp o 000 d spa d | ||
| 006 | m o d | ||
| 007 | cr ||||||||||| | ||
| 035 | _a(OCoLC)889438946 | ||
| 040 |
_aDGITA _beng _erda _epn _cDGITA |
||
| 020 |
_a9788446037866 _q(eBook ; _qePub) |
||
| 020 |
_a8446037866 _q(eBook ; _qePub) |
||
| 020 | _z9788446018087 | ||
| 020 | _z844601808X | ||
| 050 | 1 | 4 | _aPA3828.S8 ebook |
| 082 | 0 | 4 |
_a882.01 _223 |
| 100 | 0 |
_aAeschylus, _eauthor. |
|
| 240 | 1 | 0 |
_aWorks. _kSelections. _lSpanish _s(Clúa Serena & Montañés Gómez) |
| 245 | 1 | 0 |
_aPersas ; _bSiete contra Tebas ; Suplicantes ; Prometeo encadenado / _cEsquilo ; edición de Josep A. Clúa Serena y Rubén J. Montañés Gómez. |
| 264 | 1 |
_aTres Cantos, Madrid, España : _bEdiciones Akal, S.A., _c[2013] |
|
| 264 | 4 | _c©2013 | |
| 300 | _a1 online resource. | ||
| 336 |
_atext _btxt _2rdacontent |
||
| 337 |
_acomputer _bc _2rdamedia |
||
| 338 |
_aonline resource _bcr _2rdacarrier |
||
| 490 | 1 |
_aAkal/clásica ; _v90. _aClásicos griegos |
|
| 500 | _aPlays. | ||
| 588 | 0 | _aOnline resource; title from ePub title page (Digitalia, viewed April 22, 2016) | |
| 650 | 0 |
_aMythology, Greek _vDrama. |
|
| 655 | 0 | _aElectronic books. | |
| 700 | 1 |
_aClúa Serena, Josep Antoni, _eeditor. |
|
| 700 | 1 |
_aMontañés Gómez, Rubén, _eeditor. |
|
| 700 | 0 | 2 |
_iContainer of (expression): _aAeschylus. _tPersae. _lSpanish. |
| 700 | 0 | 2 |
_iContainer of (expression): _aAeschylus. _tSeven against Thebes. _lSpanish. |
| 700 | 0 | 2 |
_iContainer of (expression): _aAeschylus. _tSuppliants. _lSpanish. |
| 700 | 0 | 2 |
_iContainer of (expression): _aAeschylus. _tPrometheus bound. _lSpanish. |
| 791 | 2 |
_aDigitalia (Firm), _edistributor. |
|
| 793 | 0 |
_gDigitalia eBook Collection: _aAkal |
|
| 740 | 0 | 2 | _aSiete contra Tebas. |
| 740 | 0 | 2 | _aSuplicantes. |
| 740 | 0 | 2 | _aPrometeo encadenado. |
| 776 | 0 | 8 |
_iPrint version: _aAeschylus. _sWorks. Selections. Spanish (Clúa Serena & Montañés Gómez) _tPersas. _dMadrid : Akal, ©2013 _z9788446018087 |
| 830 | 0 |
_aAkal/clásica ; _v90. |
|
| 830 | 0 |
_aAkal/clásica. _pClásicos griegos. |
|
| 856 | 4 | 0 |
_3Digitalia Hispánica _uhttps://www.digitaliapublishing.com/a/27892/ |
| 910 | _aPremium Collection: 2016 | ||
| 942 | _cRAA | ||
| 999 |
_c238952 _d238952 |
||